[Event "Madrid ch 2016-2017 - Final"]
[Site "Madrid ESP"]
[Date "2017.06.06"]
[Round "2.7"]
[White "Prieto Martin, Alfonso"]
[Black "Gascon Del Nogal, Jose Rafael"]
[Result "0-1"]
[WhiteElo "2210"]
[BlackElo "2490"]
[PlyCount "64"]
[EventDate "2017.06.05"]
[EventType "swiss"]
[EventRounds "9"]
[EventCountry "ESP"]
[SourceTitle "Ajedrez en Madrid"]
[Source "lmi"]
[SourceDate "2017.06.05"]

1. e4 g6 2. d4 Bg7 3. Nf3 d6 4. c3 Nf6 5. Bd3 O-O 6. O-O Nc6 7. Re1 e5 8. d5
Ne7 9. c4 Nh5 10. g3 Bg4 11. Be2 Bd7 12. Nc3 h6 13. Nd2 f5 14. f3 Nf6 15. b4 f4
16. g4 h5 17. h3 Nh7 18. Kg2 Bf6 19. c5 Bh4 20. Rf1 g5 21. Nc4 Rf6 22. a4 Bg3
23. Nb5 Ng6 24. cxd6 Nh4+ 25. Kg1 cxd6 26. Bd2 hxg4 27. hxg4 a6 28. Nbxd6 Rxd6
29. Nxd6 Qb6+ 30. Kh1 Qxd6 31. Be1 Qh6 32. d6 Ng2+ 0-1

[Event "Madrid ch 2016-2017 - Final"]
[Site "Madrid ESP"]
[Date "2017.06.06"]
[Round "2.8"]
[White "Rottenwohrer Suarez, Juan"]
[Black "Espinosa Aranda, Angel"]
[Result "0-1"]
[WhiteElo "2204"]
[BlackElo "2456"]
[PlyCount "62"]
[EventDate "2017.06.05"]
[EventType "swiss"]
[EventRounds "9"]
[EventCountry "ESP"]
[SourceTitle "Ajedrez en Madrid"]
[Source "lmi"]
[SourceDate "2017.06.05"]

1. c4 b6 2. d4 Bb7 3. Nc3 e6 4. a3 f5 5. Nf3 Nf6 6. g3 Ne4 7. Qc2 Be7 8. Bg2
Nxc3 9. Qxc3 O-O 10. O-O Bf6 11. Qd3 Be4 12. Qd1 d5 13. c5 bxc5 14. dxc5 Nd7
15. c6 Nb6 16. Nd4 Bxg2 17. Kxg2 Qd6 18. e3 Nc4 19. Qa4 f4 20. b3 fxe3 21. fxe3
Nb6 22. Qb4 Qe5 23. Ra2 a5 24. Qb5 Qe4+ 25. Nf3 a4 26. Re2 axb3 27. Qxb3 Nc4
28. Kg1 Bg5 29. Nxg5 Rxf1+ 30. Kxf1 Qh1+ 31. Kf2 Rf8+ 0-1

[Event "Madrid ch 2016-2017 - Final"]
[Site "Madrid ESP"]
[Date "2017.06.06"]
[Round "2.9"]
[White "Pastor Alonso De Prado, Alberto"]
[Black "Elissalt Cardenas, Hector"]
[Result "1/2-1/2"]
[WhiteElo "2169"]
[BlackElo "2380"]
[PlyCount "130"]
[EventDate "2017.06.05"]
[EventType "swiss"]
[EventRounds "9"]
[EventCountry "ESP"]
[SourceTitle "Ajedrez en Madrid"]
[Source "lmi"]
[SourceDate "2017.06.05"]

1. e4 c5 2. c3 Nf6 3. e5 Nd5 4. g3 Nc6 5. Bg2 e6 6. Nf3 b6 7. O-O Ba6 8. d3 Be7
9. Re1 Bb7 10. Na3 O-O 11. Nc4 Qc7 12. Bg5 f6 13. exf6 Bxf6 14. Ne3 Nxe3 15.
Rxe3 Rae8 16. Qe2 Bxg5 17. Nxg5 h6 18. Qh5 Ne7 19. Bxb7 Qxb7 20. Ne4 Nf5 21.
Rf3 d5 22. Nd2 Qf7 23. Qxf7+ Rxf7 24. Re1 Kf8 25. Nf1 Nd6 26. Rxf7+ Nxf7 27.
Kg2 Ke7 28. f4 Kd6 29. Ne3 Rf8 30. g4 g6 31. Kg3 b5 32. a4 bxa4 33. Ra1 Rb8 34.
Rxa4 Rxb2 35. Rxa7 Nd8 36. Rg7 Rd2 37. d4 Rd3 38. Kf2 cxd4 39. cxd4 Rxd4 40.
Kf3 g5 41. fxg5 hxg5 42. Rxg5 Nf7 43. Rg8 Ne5+ 44. Kg3 Re4 45. Nf1 Ke7 46. h3
d4 47. Rg7+ Kf6 48. Rg8 d3 49. Rf8+ Ke7 50. Rf2 Nc4 51. Kf3 Re1 52. Nd2 Nd6 53.
Rf1 Re2 54. Rf2 Re5 55. h4 Nb5 56. Kf4 Re1 57. Nf3 Rc1 58. Rd2 Rc4+ 59. Kg3 Nd6
60. Rxd3 Ne4+ 61. Kf4 Nf2+ 62. Rd4 e5+ 63. Kxe5 Nxg4+ 64. Kf5 Nh6+ 65. Kf4
Rxd4+ 1/2-1/2

[Event "Madrid ch 2016-2017 - Final"]
[Site "Madrid ESP"]
[Date "2017.06.06"]
[Round "2.10"]
[White "Casares Ripoll, Fernando"]
[Black "Iagar, Razvan-Gabriel"]
[Result "1/2-1/2"]
[WhiteElo "2087"]
[BlackElo "2183"]
[PlyCount "56"]
[EventDate "2017.06.05"]
[EventType "swiss"]
[EventRounds "9"]
[EventCountry "ESP"]
[SourceTitle "Ajedrez en Madrid"]
[Source "lmi"]
[SourceDate "2017.06.05"]

1. e4 e6 2. d4 d5 3. exd5 exd5 4. Bd3 Bd6 5. Nf3 Ne7 6. O-O Nbc6 7. c3 Bg4 8.
Re1 Qd7 9. Nbd2 O-O 10. Qc2 Bf5 11. Bxf5 Qxf5 12. Qxf5 Nxf5 13. Nf1 Rfe8 14.
Ne3 Nxe3 15. Bxe3 f6 16. Bd2 Kf7 17. Rxe8 Rxe8 18. Re1 Rxe1+ 19. Nxe1 Nd8 20.
Nd3 Ne6 21. f4 g6 22. Kf2 c6 23. g4 Ng7 24. Kf3 h5 25. h3 hxg4+ 26. hxg4 Ke6
27. b3 b5 28. Be3 Be7 1/2-1/2

[Event "Madrid ch 2016-2017 - Final"]
[Site "Madrid ESP"]
[Date "2017.06.06"]
[Round "2.11"]
[White "Martin Rueda, Daniel"]
[Black "Pana, Dorin"]
[Result "1-0"]
[WhiteElo "2302"]
[BlackElo "2038"]
[PlyCount "101"]
[EventDate "2017.06.05"]
[EventType "swiss"]
[EventRounds "9"]
[EventCountry "ESP"]
[SourceTitle "Ajedrez en Madrid"]
[Source "lmi"]
[SourceDate "2017.06.05"]

1. e4 c5 2. Nf3 Nc6 3. Bb5 d6 4. Bxc6+ bxc6 5. O-O g6 6. c3 Bg7 7. d4 cxd4 8.
cxd4 Nf6 9. Qc2 Qc7 10. Be3 O-O 11. h3 Qb7 12. Nbd2 Bd7 13. Rfc1 Rfc8 14. Rab1
d5 15. Ne5 Nxe4 16. Nxe4 dxe4 17. b4 Bxe5 18. dxe5 Be6 19. Rb2 Bd5 20. a4 a6
21. Bc5 Qd7 22. Qc3 Rab8 23. Re1 Qe6 24. Re3 Rd8 25. h4 h5 26. a5 Rb7 27. Rd2
Qg4 28. Rd4 Rbd7 29. Bb6 Rb8 30. f3 Qe6 31. fxe4 Ba2 32. Red3 Rbb7 33. Qd2 Rxd4
34. Rxd4 Bb3 35. Qd3 Ba4 36. Qxa6 Rb8 37. Qa7 Rf8 38. Bc5 Qg4 39. Qxe7 Ra8 40.
Rd7 Qf4 41. Qf6 Qc1+ 42. Kh2 Bb3 43. e6 Bxe6 44. Bd4 Qh6 45. Rd8+ Rxd8 46.
Qxd8+ Qf8 47. Qf6 Qh6 48. a6 Bc8 49. Qxc6 Qf4+ 50. Kg1 Bxa6 51. Qe8+ 1-0

[Event "Madrid ch 2016-2017 - Final"]
[Site "Madrid ESP"]
[Date "2017.06.06"]
[Round "2.12"]
[White "Lopez De Turiso, Jose Angel"]
[Black "Torres Bosch, Jose Francisco"]
[Result "0-1"]
[WhiteElo "2061"]
[BlackElo "2132"]
[PlyCount "82"]
[EventDate "2017.06.05"]
[EventType "swiss"]
[EventRounds "9"]
[EventCountry "ESP"]
[SourceTitle "Ajedrez en Madrid"]
[Source "lmi"]
[SourceDate "2017.06.05"]

1. e4 c5 2. Nc3 a6 3. f4 e6 4. g3 b5 5. Bg2 Bb7 6. d3 Nf6 7. Nf3 Qb6 8. e5 Nd5
9. Ne4 c4 10. Qe2 cxd3 11. Qxd3 Be7 12. Bd2 f5 13. exf6 gxf6 14. O-O-O Nc6 15.
Kb1 O-O-O 16. Rhe1 b4 17. c4 bxc3 18. Bxc3 Kb8 19. Bf1 Rc8 20. Bd4 Qa5 21. a3
Nxd4 22. Nxd4 f5 23. Nd2 Qb6 24. Nc4 Rxc4 25. Qxc4 Bxa3 26. Qb3 Bb4 27. Re2 Rc8
28. Rc2 Rxc2 29. Nxc2 a5 30. Nxb4 Nxb4 31. Ka1 Be4 32. Bd3 a4 33. Qxa4 Bxd3 34.
Rc1 Be2 35. Qa3 d5 36. Qc3 d4 37. Qa3 d3 38. Qc3 Qa5+ 39. Qa3 Qxa3+ 40. bxa3 d2
41. Kb2 Nd3+ 0-1

[Event "Madrid ch 2016-2017 - Final"]
[Site "Madrid ESP"]
[Date "2017.06.06"]
[Round "2.13"]
[White "Cervino Rossel, Cristobal"]
[Black "Pablos Tenrero, Raquel"]
[Result "1/2-1/2"]
[WhiteElo "2100"]
[BlackElo "1988"]
[PlyCount "73"]
[EventDate "2017.06.05"]
[EventType "swiss"]
[EventRounds "9"]
[EventCountry "ESP"]
[SourceTitle "Ajedrez en Madrid"]
[Source "lmi"]
[SourceDate "2017.06.05"]

1. d4 Nf6 2. Nf3 e6 3. g3 b5 4. Bg2 Bb7 5. O-O c5 6. a4 b4 7. c4 bxc3 8. Nxc3
Be7 9. dxc5 Bxc5 10. Nb5 O-O 11. Bf4 Na6 12. Nd6 Bd5 13. Qd3 Nb4 14. Qc3 Na6
15. Be5 Bxd6 16. Bxd6 Ne4 17. Qa3 Re8 18. Bf4 Qa5 19. Rad1 Nac5 20. Nd2 Qa6 21.
Nxe4 Nxe4 22. Bf3 Rac8 23. Rc1 Qb6 24. Be3 Qb7 25. Qd3 f5 26. Qb5 Rb8 27. Qa5
a6 28. Rc7 Qb4 29. Qxa6 Bc6 30. Rxc6 dxc6 31. Qxc6 Qxb2 32. Bxe4 fxe4 33. Qxe4
Qxe2 34. Ra1 Qa6 35. a5 Rb5 36. Bd2 Rf5 37. Re1 1/2-1/2

[Event "Madrid ch 2016-2017 - Final"]
[Site "Madrid ESP"]
[Date "2017.06.06"]
[Round "2.14"]
[White "Correas Gonzalez, Jose Ramon"]
[Black "Anton Veiga, Juan Carlos"]
[Result "0-1"]
[WhiteElo "2055"]
[BlackElo "2096"]
[PlyCount "68"]
[EventDate "2017.06.05"]
[EventType "swiss"]
[EventRounds "9"]
[EventCountry "ESP"]
[SourceTitle "Ajedrez en Madrid"]
[Source "lmi"]
[SourceDate "2017.06.05"]

1. e4 c5 2. Nf3 d6 3. d4 cxd4 4. Nxd4 Nf6 5. Nc3 Nc6 6. Bc4 Qb6 7. Nb3 e6 8.
Be3 Qd8 9. Qe2 a6 10. a4 Ne5 11. a5 Nxc4 12. Qxc4 Bd7 13. Bb6 Qc8 14. Qd3 Be7
15. f4 O-O 16. O-O-O Bc6 17. Nd4 Nd7 18. e5 d5 19. g4 Nxb6 20. axb6 Bd7 21. f5
Qc5 22. Rhf1 Rfc8 23. f6 Bf8 24. fxg7 Bxg7 25. Rxf7 Kxf7 26. Qxh7 Rf8 27. Nf5
exf5 28. gxf5 Qe3+ 29. Kb1 Qh6 30. e6+ Ke8 31. Qxh6 Bxh6 32. Nxd5 Bc6 33. Nc7+
Ke7 34. Nxa8 Rxa8 0-1

[Event "Madrid ch 2016-2017 - Final"]
[Site "Madrid ESP"]
[Date "2017.06.06"]
[Round "2.15"]
[White "Gonzalez Rivera, Eduardo"]
[Black "Martinez Fernandez, Raul"]
[Result "1/2-1/2"]
[WhiteElo "2036"]
[BlackElo "2066"]
[PlyCount "151"]
[EventDate "2017.06.05"]
[EventType "swiss"]
[EventRounds "9"]
[EventCountry "ESP"]
[SourceTitle "Ajedrez en Madrid"]
[Source "lmi"]
[SourceDate "2017.06.05"]

1. e4 e5 2. Nf3 Nc6 3. Bb5 a6 4. Bxc6 dxc6 5. O-O f6 6. d4 exd4 7. Nxd4 c5 8.
Nb3 Qxd1 9. Rxd1 Bg4 10. f3 Be6 11. Bf4 c4 12. Nd4 O-O-O 13. Nc3 Bc5 14. Nce2
Ne7 15. Kf1 Bf7 16. Bg3 Rd7 17. c3 Rhd8 18. Ke1 Ng6 19. Nf5 Be6 20. Ned4 Bg8
21. Nc2 Ne5 22. Bxe5 fxe5 23. Rxd7 Rxd7 24. Rd1 Bf8 25. Rxd7 Kxd7 26. g3 g6 27.
Nfe3 b5 28. Ke2 Kd6 29. f4 Be6 30. Nb4 Bc8 31. Kf3 Bg7 32. f5 Bb7 33. g4 Bh6
34. h4 Bf8 35. f6 Ke6 36. g5 Kd6 37. Nbc2 a5 38. Ng4 Ke6 39. Nce3 c6 40. Nf1
Bc8 41. Ng3 Kd6 42. h5 Be6 43. Ne3 Bf7 44. hxg6 hxg6 45. Ng4 Ke6 46. Ne2 Be8
47. Ng1 a4 48. a3 Bc5 49. Kg2 Bd6 50. Nf3 Bc7 51. Nh6 Bd6 52. Nh4 b4 53. cxb4
Bxb4 54. N4f5 c3 55. bxc3 Bxa3 56. Ng7+ Kd7 57. f7 Bxf7 58. Nxf7 Bd6 59. Nf5
gxf5 60. g6 Bf8 61. Nxe5+ Ke6 62. Nxc6 fxe4 63. Kf2 a3 64. Nd4+ Kd5 65. Nc2 a2
66. Nb4+ Bxb4 67. g7 Bc5+ 68. Kg3 Bd6+ 69. Kg4 a1=Q 70. g8=Q+ Kc5 71. Qc8+ Kb6
72. Qd8+ Bc7 73. Qd4+ Ka6 74. Qc4+ Kb6 75. Qd4+ Kb7 76. Qxe4+ 1/2-1/2

[Event "Madrid ch 2016-2017 - Final"]
[Site "Madrid ESP"]
[Date "2017.06.07"]
[Round "3.1"]
[White "Martin Duque, Jesus"]
[Black "Moreno Ruiz, Javier"]
[Result "1/2-1/2"]
[WhiteElo "2342"]
[BlackElo "2447"]
[PlyCount "62"]
[EventDate "2017.06.05"]
[EventType "swiss"]
[EventRounds "9"]
[EventCountry "ESP"]
[SourceTitle "Ajedrez en Madrid"]
[Source "lmi"]
[SourceDate "2017.06.05"]

1. e4 e6 2. d4 d5 3. Nd2 Be7 4. Ngf3 Nf6 5. e5 Nfd7 6. Bd3 c5 7. c3 b6 8. O-O
Ba6 9. Bxa6 Nxa6 10. Re1 b5 11. dxc5 Naxc5 12. Qe2 Qb6 13. Nd4 a6 14. Nf1 O-O
15. Ng3 f6 16. exf6 Bxf6 17. Be3 Rae8 18. Rad1 Qc7 19. Qg4 Ne5 20. Qh3 Ned3 21.
Re2 e5 22. Nb3 d4 23. Nxc5 Nxc5 24. cxd4 exd4 25. Bxd4 Bxd4 26. Rxd4 Na4 27.
Rxe8 Rxe8 28. Qh5 Qe5 29. Qxe5 Rxe5 30. f4 Re1+ 31. Kf2 Ra1 1/2-1/2

[Event "Madrid ch 2016-2017 - Final"]
[Site "Madrid ESP"]
[Date "2017.06.07"]
[Round "3.2"]
[White "Valles Moreno, Ivan"]
[Black "Candela Perez, Jose"]
[Result "1/2-1/2"]
[WhiteElo "2438"]
[BlackElo "2370"]
[PlyCount "54"]
[EventDate "2017.06.05"]
[EventType "swiss"]
[EventRounds "9"]
[EventCountry "ESP"]
[SourceTitle "Ajedrez en Madrid"]
[Source "lmi"]
[SourceDate "2017.06.05"]

1. e4 e5 2. Nc3 Nf6 3. Bc4 Nxe4 4. Qh5 Nd6 5. Qxe5+ Qe7 6. Qxe7+ Bxe7 7. Bb3
Nf5 8. Nf3 c6 9. Ne2 d5 10. c3 Nd7 11. Bc2 Nf6 12. d3 O-O 13. h3 Re8 14. g4 Nd6
15. Bf4 Bf8 16. Kd2 b6 17. Ng3 Bb7 18. Ne5 Rad8 19. Rhe1 Nd7 20. Nxd7 Rxd7 21.
Rxe8 Nxe8 22. Re1 Nd6 23. h4 Rd8 24. a4 Bc8 25. Bd1 Re8 26. Rxe8 Nxe8 27. Bf3
Bd6 1/2-1/2

[Event "Madrid ch 2016-2017 - Final"]
[Site "Madrid ESP"]
[Date "2017.06.07"]
[Round "3.3"]
[White "Gascon Del Nogal, Jose Rafael"]
[Black "Perez Mitjans, Orelvis"]
[Result "1-0"]
[WhiteElo "2490"]
[BlackElo "2413"]
[PlyCount "125"]
[EventDate "2017.06.05"]
[EventType "swiss"]
[EventRounds "9"]
[EventCountry "ESP"]
[SourceTitle "Ajedrez en Madrid"]
[Source "lmi"]
[SourceDate "2017.06.05"]

1. e4 e6 2. d4 d5 3. Nc3 Bb4 4. e5 c5 5. a3 Bxc3+ 6. bxc3 Ne7 7. Nf3 Nbc6 8. a4
Qc7 9. Ba3 b6 10. Bd3 Bd7 11. O-O Na5 12. Nd2 c4 13. Be2 Bc6 14. f4 Nf5 15. Rf3
h5 16. Rh3 O-O-O 17. Bb4 g6 18. Qc1 Nb7 19. a5 bxa5 20. Ba3 Kb8 21. Nf3 Ne7 22.
Ng5 Nc8 23. f5 exf5 24. e6 Be8 25. Qe3 f6 26. e7 Rd6 27. Bxd6 Qxd6 28. Ne6 Rh7
29. Nf4 Rxe7 30. Qd2 Nb6 31. Rf1 Qd7 32. Rg3 Rg7 33. Re3 Bf7 34. Qe1 Nd6 35.
Bf3 Bg8 36. h3 Ne4 37. g4 hxg4 38. hxg4 Qd6 39. Bg2 Rh7 40. gxf5 gxf5 41. Rh3
Rg7 42. Kh1 Bf7 43. Bxe4 fxe4 44. Rh6 Rg4 45. Rh4 Rg5 46. Rh7 Be6 47. Nxe6 Qxe6
48. Qh4 e3 49. Qf4+ Ka8 50. Re1 Qe4+ 51. Qxe4 dxe4 52. Rxe3 f5 53. Rf7 a4 54.
Rh3 Nc8 55. Rh8 Kb8 56. Rff8 Kb7 57. Rxc8 e3 58. Rxc4 f4 59. Re8 f3 60. Rxe3 f2
61. Rb4+ Kc7 62. Rb1 a3 63. Re7+ 1-0

[Event "Madrid ch 2016-2017 - Final"]
[Site "Madrid ESP"]
[Date "2017.06.07"]
[Round "3.4"]
[White "Longa Yauca, Javier"]
[Black "Almagro Llamas, Pablo"]
[Result "0-1"]
[WhiteElo "2210"]
[BlackElo "2466"]
[PlyCount "58"]
[EventDate "2017.06.05"]
[EventType "swiss"]
[EventRounds "9"]
[EventCountry "ESP"]
[SourceTitle "Ajedrez en Madrid"]
[Source "lmi"]
[SourceDate "2017.06.05"]

1. d4 Nf6 2. Nf3 e6 3. Bg5 h6 4. Bxf6 Qxf6 5. e4 g5 6. h3 Bg7 7. Bd3 Nc6 8. e5
Qe7 9. c3 d6 10. Qe2 dxe5 11. dxe5 h5 12. Bb5 Bd7 13. Nbd2 O-O-O 14. O-O-O g4
15. hxg4 hxg4 16. Rxh8 Bxh8 17. Bxc6 Bxc6 18. Nd4 Bd5 19. Qxg4 Bxe5 20. N2f3
Bh8 21. Nc2 f5 22. Qa4 a6 23. Ncd4 Bf6 24. Re1 Qd6 25. Qc2 c5 26. Nb3 Qf4+ 27.
Nbd2 Bxf3 28. gxf3 Bg5 29. Re3 Qh4 0-1

[Event "Madrid ch 2016-2017 - Final"]
[Site "Madrid ESP"]
[Date "2017.06.07"]
[Round "3.5"]
[White "Espinosa Aranda, Angel"]
[Black "Quispe Arteaga, Gabriel"]
[Result "1-0"]
[WhiteElo "2456"]
[BlackElo "2294"]
[PlyCount "65"]
[EventDate "2017.06.05"]
[EventType "swiss"]
[EventRounds "9"]
[EventCountry "ESP"]
[SourceTitle "Ajedrez en Madrid"]
[Source "lmi"]
[SourceDate "2017.06.05"]

1. e4 c5 2. Nf3 Nc6 3. d4 cxd4 4. Nxd4 g6 5. c4 Bg7 6. Be3 Nf6 7. Nc3 Ng4 8.
Qxg4 Nxd4 9. Qd1 Ne6 10. Rc1 d6 11. Be2 Bd7 12. O-O O-O 13. Qd2 Bc6 14. f3 b6
15. Nd5 Rc8 16. b4 Qd7 17. f4 Nc7 18. f5 Bxd5 19. exd5 b5 20. Bg4 bxc4 21. Rxc4
gxf5 22. Bxf5 e6 23. Bh6 Ne8 24. Bxh7+ Kxh7 25. Rh4 Kg8 26. Bxg7 Nxg7 27. Qh6
f5 28. Qh7+ Kf7 29. Rg4 Rg8 30. Rg6 exd5 31. Rxf5+ Qxf5 32. Rxg7+ Ke6 33. Re7+
1-0

[Event "Madrid ch 2016-2017 - Final"]
[Site "Madrid ESP"]
[Date "2017.06.07"]
[Round "3.6"]
[White "Elissalt Cardenas, Hector"]
[Black "Serrano Garcia, Vicente"]
[Result "1-0"]
[WhiteElo "2380"]
[BlackElo "1841"]
[PlyCount "41"]
[EventDate "2017.06.05"]
[EventType "swiss"]
[EventRounds "9"]
[EventCountry "ESP"]
[SourceTitle "Ajedrez en Madrid"]
[Source "lmi"]
[SourceDate "2017.06.05"]

1. d4 Nf6 2. c4 e6 3. Nf3 d5 4. Nc3 Be7 5. cxd5 exd5 6. Bg5 h6 7. Bxf6 Bxf6 8.
e3 O-O 9. Bd3 Re8 10. b4 b6 11. h3 c5 12. bxc5 bxc5 13. O-O Ba6 14. Rc1 cxd4
15. exd4 Qd6 16. Qa4 Re7 17. Nb5 Bxb5 18. Rc8+ Re8 19. Rxe8+ Bxe8 20. Qxe8+ Qf8
21. Bh7+ 1-0

[Event "Madrid ch 2016-2017 - Final"]
[Site "Madrid ESP"]
[Date "2017.06.07"]
[Round "3.7"]
[White "Torres Bosch, Jose Francisco"]
[Black "Martin Rueda, Daniel"]
[Result "0-1"]
[WhiteElo "2132"]
[BlackElo "2302"]
[PlyCount "88"]
[EventDate "2017.06.05"]
[EventType "swiss"]
[EventRounds "9"]
[EventCountry "ESP"]
[SourceTitle "Ajedrez en Madrid"]
[Source "lmi"]
[SourceDate "2017.06.05"]

1. d4 d5 2. c4 c6 3. Nf3 Nf6 4. Qc2 g6 5. Bf4 dxc4 6. Qxc4 Bg7 7. Nc3 O-O 8. e4
b5 9. Qb3 Be6 10. Qc2 Bg4 11. Be2 Bxf3 12. Bxf3 Qxd4 13. Rd1 Qc4 14. Qe2 Qxe2+
15. Kxe2 Nfd7 16. e5 Nb6 17. Rd4 e6 18. a4 bxa4 19. Ra1 Nd5 20. Bg3 Nd7 21.
Bxd5 cxd5 22. f4 Nc5 23. Ra2 Rfc8 24. Be1 Nb3 25. Rd1 d4 26. Nb5 Nc1+ 27. Rxc1
Rxc1 28. Nxd4 g5 29. g3 gxf4 30. gxf4 Bh6 31. Rxa4 Rac8 32. Bc3 Bxf4 33. Nb5
R1xc3 34. bxc3 Bxe5 35. Kd3 Bxh2 36. Nxa7 Rd8+ 37. Kc4 Kg7 38. Kb5 Rd5+ 39. Kc6
h5 40. c4 Rg5 41. c5 Bg1 42. Rc4 Rxc5+ 43. Rxc5 Bxc5 44. Kxc5 h4 0-1

[Event "Madrid ch 2016-2017 - Final"]
[Site "Madrid ESP"]
[Date "2017.06.07"]
[Round "3.8"]
[White "Anton Veiga, Juan Carlos"]
[Black "Quevedo Marin, Manuel"]
[Result "1/2-1/2"]
[WhiteElo "2096"]
[BlackElo "2292"]
[PlyCount "37"]
[EventDate "2017.06.05"]
[EventType "swiss"]
[EventRounds "9"]
[EventCountry "ESP"]
[SourceTitle "Ajedrez en Madrid"]
[Source "lmi"]
[SourceDate "2017.06.05"]

1. e4 e5 2. Nf3 Nc6 3. d4 exd4 4. Nxd4 Qf6 5. Be3 Bc5 6. c3 Nge7 7. g3 d6 8.
Bg2 Ne5 9. f4 Ng4 10. Bc1 Bd7 11. Nd2 Nc6 12. N2b3 Bb6 13. h3 Nh6 14. Be3 O-O-O
15. Qf3 Qe7 16. g4 f6 17. O-O-O Nf7 18. Rhe1 g6 19. Nxc6 1/2-1/2

[Event "Madrid ch 2016-2017 - Final"]
[Site "Madrid ESP"]
[Date "2017.06.07"]
[Round "3.9"]
[White "Madina Yadarola, Martin"]
[Black "Casares Ripoll, Fernando"]
[Result "1-0"]
[WhiteElo "2215"]
[BlackElo "2087"]
[PlyCount "91"]
[EventDate "2017.06.05"]
[EventType "swiss"]
[EventRounds "9"]
[EventCountry "ESP"]
[SourceTitle "Ajedrez en Madrid"]
[Source "lmi"]
[SourceDate "2017.06.05"]

1. e4 d5 2. exd5 Nf6 3. d4 Nxd5 4. Nf3 Bg4 5. Be2 e6 6. O-O Be7 7. c4 Nb6 8.
Be3 O-O 9. Nc3 Nc6 10. b3 Qd7 11. Qd2 Rad8 12. Rad1 f5 13. Qc1 Qc8 14. h3 Bh5
15. Ne5 Be8 16. f4 Nxe5 17. fxe5 Bf7 18. Bf3 c6 19. c5 Nd5 20. Bxd5 exd5 21.
Bg5 Bxg5 22. Qxg5 Be6 23. Ne2 Rde8 24. Nf4 Qd7 25. h4 Qe7 26. Rd3 Qxg5 27. hxg5
g6 28. Kf2 Rf7 29. Rh1 Rg7 30. b4 a6 31. a4 Bd7 32. Ra3 Ra8 33. Rhh3 Re7 34. b5
axb5 35. axb5 Rxa3 36. Rxa3 Kf7 37. Ra8 Be6 38. Ke3 cxb5 39. Ra5 h6 40. Nh3
hxg5 41. Nxg5+ Kg7 42. Rxb5 Bc8 43. Rb6 Rd7 44. Ne6+ Kf7 45. Nf4 Re7 46. Rf6+
1-0

[Event "Madrid ch 2016-2017 - Final"]
[Site "Madrid ESP"]
[Date "2017.06.07"]
[Round "3.10"]
[White "Pindado Campos, Raul"]
[Black "Prieto Martin, Alfonso"]
[Result "1/2-1/2"]
[WhiteElo "2056"]
[BlackElo "2210"]
[PlyCount "80"]
[EventDate "2017.06.05"]
[EventType "swiss"]
[EventRounds "9"]
[EventCountry "ESP"]
[SourceTitle "Ajedrez en Madrid"]
[Source "lmi"]
[SourceDate "2017.06.05"]

1. d4 d5 2. Nf3 Nf6 3. c4 e6 4. Nc3 Bb4 5. Bd2 O-O 6. e3 c5 7. cxd5 exd5 8. a3
Bxc3 9. Bxc3 c4 10. Nd2 Nc6 11. a4 Re8 12. Be2 Bf5 13. b3 Ne4 14. Nxe4 Bxe4 15.
bxc4 Bxg2 16. Rg1 Be4 17. cxd5 Ne7 18. Bb5 Qc7 19. Rc1 Qxh2 20. Qg4 Nf5 21.
Bxe8 Rxe8 22. Bb4 Bf3 23. Bd6 Qxd6 24. Qxf3 Qa3 25. Rc7 Qb4+ 26. Kd1 Qxa4+ 27.
Kd2 Qb4+ 28. Rc3 Nd6 29. Rgc1 Ne4+ 30. Kd3 Nxc3 31. Rxc3 Qb1+ 32. Kd2 g6 33. d6
Qb2+ 34. Kd3 Qb1+ 35. Kd2 Qa2+ 36. Rc2 Qa5+ 37. Kd1 Qa1+ 38. Kd2 Qa5+ 39. Kd1
Qa1+ 40. Kd2 Qa5+ 1/2-1/2

[Event "Madrid ch 2016-2017 - Final"]
[Site "Madrid ESP"]
[Date "2017.06.07"]
[Round "3.11"]
[White "Rosa Ramirez, Victor D"]
[Black "Pastor Alonso De Prado, Alberto"]
[Result "0-1"]
[WhiteElo "1957"]
[BlackElo "2169"]
[PlyCount "46"]
[EventDate "2017.06.05"]
[EventType "swiss"]
[EventRounds "9"]
[EventCountry "ESP"]
[SourceTitle "Ajedrez en Madrid"]
[Source "lmi"]
[SourceDate "2017.06.05"]

1. e4 b6 2. d4 Bb7 3. Bd3 Nf6 4. Qe2 Nc6 5. c3 e5 6. Nf3 d6 7. O-O Nd7 8. Ba6
Qc8 9. Bxb7 Qxb7 10. d5 Ne7 11. c4 Ng6 12. Na3 Be7 13. Nc2 O-O 14. h4 f5 15.
exf5 Rxf5 16. Ne3 Rf7 17. g3 Raf8 18. Nd2 Bxh4 19. gxh4 Nf4 20. Qd1 Nc5 21. f3
Qc8 22. Ng2 Qh3 23. Rf2 Qg3 0-1

[Event "Madrid ch 2016-2017 - Final"]
[Site "Madrid ESP"]
[Date "2017.06.07"]
[Round "3.12"]
[White "Pablos Tenrero, Raquel"]
[Black "Rottenwohrer Suarez, Juan"]
[Result "1/2-1/2"]
[WhiteElo "1988"]
[BlackElo "2204"]
[PlyCount "125"]
[EventDate "2017.06.05"]
[EventType "swiss"]
[EventRounds "9"]
[EventCountry "ESP"]
[SourceTitle "Ajedrez en Madrid"]
[Source "lmi"]
[SourceDate "2017.06.05"]

1. d4 Nf6 2. Nc3 d5 3. Bf4 Bf5 4. e3 e6 5. f3 c5 6. g4 Bg6 7. h4 h5 8. g5 Nfd7
9. Bd3 Bxd3 10. Qxd3 a6 11. g6 f6 12. Nge2 Nc6 13. Bg3 c4 14. Qd2 Bb4 15. Nf4
Qe7 16. e4 dxe4 17. fxe4 Nb6 18. Qe3 O-O-O 19. O-O-O Rxd4 20. Rxd4 Bc5 21. Nfe2
Nxd4 22. Nxd4 e5 23. Bxe5 Qxe5 24. Qh3+ Kb8 25. Ne6 Bb4 26. Qh2 Bxc3 27. bxc3
Qxh2 28. Rxh2 Rg8 29. Rf2 Nd7 30. Rf5 Ne5 31. Nf4 Rh8 32. Kd2 Rh6 33. Rxh5 Rxh5
34. Nxh5 Nxg6 35. Nxg7 Nxh4 36. Ne8 f5 37. Nd6 fxe4 38. Nxc4 Nf5 39. Ke2 Kc7
40. Nd2 Nd6 41. Ke3 Kc6 42. Nxe4 Nxe4 43. Kxe4 Kc5 44. Kd3 b5 45. a3 a5 46. c4
bxc4+ 47. Kc3 Kd5 48. Kd2 Kd4 49. a4 c3+ 50. Ke2 Ke4 51. Kf2 Kf4 52. Ke2 Ke4
53. Kf2 Kd4 54. Ke2 Kc4 55. Ke3 Kb4 56. Kd3 Kxa4 57. Kxc3 Ka3 58. Kd2 Kb2 59.
c4 a4 60. c5 a3 61. c6 a2 62. c7 a1=Q 63. c8=Q 1/2-1/2

[Event "Madrid ch 2016-2017 - Final"]
[Site "Madrid ESP"]
[Date "2017.06.07"]
[Round "3.13"]
[White "Iagar, Razvan-Gabriel"]
[Black "Gonzalez Rivera, Eduardo"]
[Result "1/2-1/2"]
[WhiteElo "2183"]
[BlackElo "2036"]
[PlyCount "71"]
[EventDate "2017.06.05"]
[EventType "swiss"]
[EventRounds "9"]
[EventCountry "ESP"]
[SourceTitle "Ajedrez en Madrid"]
[Source "lmi"]
[SourceDate "2017.06.05"]

1. d4 d5 2. c4 c6 3. Nf3 dxc4 4. Nc3 b5 5. a4 b4 6. Nb1 Nf6 7. e3 Bb7 8. Bxc4
e6 9. Nbd2 Nbd7 10. O-O a5 11. Qe2 Be7 12. Rd1 O-O 13. b3 Qb6 14. Bb2 Rfd8 15.
Rac1 Rac8 16. Bd3 c5 17. Nc4 Qa7 18. Nfe5 Nxe5 19. Nxe5 Qa8 20. f3 Bd5 21. Bc4
h6 22. Rc2 cxd4 23. Bxd4 Bc5 24. Rcd2 Bxc4 25. Nxc4 Bxd4 26. Rxd4 Nd5 27. Qd2
Rf8 28. Qd3 Qa7 29. Rd2 Nb6 30. Kf2 Nxc4 31. Rxc4 Rxc4 32. Qxc4 Qb8 33. g3 Rc8
34. Qa6 Qc7 35. Ke2 Qe5 36. Qb7 1/2-1/2